书目信息 |
| 题名: |
环境化学
|
|
| 作者: | 王红云 , 赵连俊 主编 | |
| 分册: | ||
| 出版信息: | 北京 化学工业出版社 2004.05 |
|
| 页数: | 194页 | |
| 开本: | 26cm | |
| 丛书名: | 教育部高职高专规划教材 | |
| 单 册: | ||
| 中图分类: | X13 | |
| 科图分类: | ||
| 主题词: | 环境化学--高等学校--教材 | |
| 电子资源: | ||
| ISBN: | 7-5025-4990-0 | |
| 000 | 00905nam2 2200265 450 | |
| 001 | 0145452112 | |
| 005 | 20050820153344.09 | |
| 010 | @a7-5025-4990-0@dCNY21.00 | |
| 100 | @a20040722d2004 km y0chiy0120 ea | |
| 101 | 0 | @achi |
| 102 | @aCN@b110000 | |
| 105 | @aa a 000yy | |
| 200 | 1 | @a环境化学@AHuan Jing Hua Xue@f王红云, 赵连俊主编@Fwang hong yun,zhao lian jun zhu bian |
| 210 | @a北京@c化学工业出版社@d2004.05 | |
| 215 | @a194页@c图@d26cm | |
| 225 | 2 | @a教育部高职高专规划教材 |
| 320 | @a有书目 (第193-194页)。 | |
| 330 | @a该书内容包括大气环境化学、水环境化学、土壤环境化学、污染物在生物体内的迁移转化、典型污染物在环境各圈层中的循环等。 | |
| 410 | 0 | @12001 @a教育部高职高专规划教材 |
| 606 | 0 | @a环境化学@x高等学校@j教材 |
| 690 | @aX13@v4 | |
| 701 | 0 | @a王红云@Awang hong yun@4主编 |
| 701 | 0 | @a赵连俊@Azhao lian jun@4主编 |
| 801 | 0 | @aCN@bQSSK@c20050820 |
| 905 | @a10447@dX13@eW208 | |
| 环境化学/王红云, 赵连俊主编.-北京:化学工业出版社,2004.05 |
| 194页:图;26cm.-(教育部高职高专规划教材) |
| ISBN 7-5025-4990-0:CNY21.00 |
| 该书内容包括大气环境化学、水环境化学、土壤环境化学、污染物在生物体内的迁移转化、典型污染物在环境各圈层中的循环等。 |
| ● |
| 相关链接 |
|
|
|
正题名:环境化学
索取号:X13/W208
 
预约/预借
| 序号 | 登录号 | 条形码 | 馆藏地/架位号 | 状态 | 备注 |
| 1 | 562245 | 205622450 | 自科库501/501自科库 62排2列1层/ [索取号:X13/W208] | 在馆 | |
| 2 | 562246 | 205622469 | 自科库501/501自科库 62排2列1层/ [索取号:X13/W208] | 在馆 | |
| 3 | 562247 | 205622478 | 自科库501/501自科库 62排2列1层/ [索取号:X13/W208] | 在馆 |